000 00809nam a2200253Ia 4500
003 OSt
005 20220923225009.0
006 a|||||r|||| 00| 0
007 ta
008 220922b |||||||| |||| 00| 0 hin d
024 _a254,918
037 _cTextual
040 _aARTS
_cARTS
_bhin
041 _2hin
_ahin
082 _aO152,3x, N2
100 _aचौधरी 'अब्ज', अमरनाथ, संपा.
_9160723
245 0 _aदहशत
246 _aDahashata
260 _aनई दिल्ली
_b अयन प्रकाशन
_c1992
300 _a90पृ.
_ccm.
650 _aहिन्दी साहित्य
_9156264
942 _hO152,3x, N2
_cTEXL
_2CC
999 _c375300
_d375300